Gaming Quiz

Random Gaming or Pokémon Quiz

Pokemon with Different Forms Quiz Stats

 Plays Quiz not verified by Sporcle

Score 0/20 Timer 03:00
0 Plays Today
Generation Pokemon % Correct
IVGiratina
70.9%
IVShaymin
70.9%
IV (one alt. form removed in Gen V)Arceus
65.5%
IIIDeoxys
62.6%
IIICastform
61.6%
IVRotom
61.1%
IVWormadam
53.7%
IVBurmy
50.2%
IVShellos
48.3%
IVGastrodon
44.8%
Generation Pokemon % Correct
II (two alt. form debut in Gen III)Unown
43.8%
IVCherrim
42.4%
IIISpinda
28.6%
VMeloetta
28.6%
II (one alt. form debut in Gen IV)Pichu
27.6%
VGenesect
23.2%
VHihidaruma
3.4%
VBasurao
3%
VShikijika
2.5%
VMebukijika
2.5%

You're not logged in!

Compare scores with friends on all Sporcle quizzes.
OR
Log In

Show Comments

Extras

Top Quizzes Today


Score Distribution

Your Account Isn't Verified!

In order to create a playlist on Sporcle, you need to verify the email address you used during registration. Go to your Sporcle Settings to finish the process.

Report this User

Report this user for behavior that violates our Community Guidelines.

Details: